• 首页
  • 本馆介绍
  • 公告通知
  • 最新文献
  • 馆藏检索
  • 电子资源
  • 读者导购
  • 参考咨询
  • 我的图书馆
  • 登录
  • 详细信息显示
  • 放入我的书架
  • 预约/预借图书
  • 作者相关作品
  • 分类相关作品
  • 丛书相关作品
  • 出版社相关作品

书目信息

  • 表格格式
  • 工作单格式
  • 卡片格式
题名:
电工基础
    
 
作者: ;哈尔滨船舶工程学院电工教研室 编
分册: 上册  
出版信息: 北京   国防工业出版社  1979
页数: 390页
开本: 20cm
丛书名:
单 册:
中图分类: TM1
科图分类:
主题词: 电工--理论
电子资源:
ISBN:
000 00722nam0 2200217 45
001 0179005637
005 20060522153024.32
010    @dCNY1.55
091    @a15034.1786
100    @a19950731d1979 em y0chiy0121 ea
101 0  @achi
102    @aCN@b110000
105    @ay z 000yy
200 10 @a电工基础@Adian gong ji chu@h上册@f哈尔滨船舶工程学院电工教研室编@Fha er bin chuan bo gong cheng xue yuan dian gong jiao yan shi bian
210    @a北京@c国防工业出版社@d1979
215    @a390页@d20cm
606 0  @a电工@x理论
690    @aTM1
711 02 @a哈尔滨船舶工程学院电工教研室@Aha er bin chuan bo gong cheng xue yuan dian gong jiao yan shi@4编
801  0 @aCN@bNLC@c20060522
905    @e115:1@f1@b156504@dTM1@b146480@f1
    
    电工基础.上册/哈尔滨船舶工程学院电工教研室编.-北京:国防工业出版社,1979
    390页;20cm
    
    
    ISBN :CNY1.55
    
●
相关链接 在E读中查询图书 在五车中查询图书 在当当中查询图书 在豆瓣中查询图书


正题名:电工基础     索取号:TM1/115:1         预约/预借

序号 登录号 条形码 馆藏地/架位号 状态 备注
1 0146480   000801092   密集书库/ [索取号:TM1/115:1] 在馆    
2 0146481   202450285   第二样本阅览室/ [索取号:TM1/115:1] 在馆    
3 0156504   000801065   第三借阅区/ [索取号:TM1/115:1] 在馆    
4 0156505   202366974   密集书库/ [索取号:TM1/115:1] 在馆    
5 0156506   202366581   密集书库/ [索取号:TM1/115:1] 在馆    
唐山师范学院图书馆 欢迎您!
大连网信软件有限公司© 版权所有